[Event "WYg16"]
[Site "Heraklio GRE"]
[Date "2002.11.22"]
[Round "9"]
[White "Worek,J"]
[Black "Dzagnidze,N"]
[Result "1/2-1/2"]
[WhiteElo "2230"]
[BlackElo "2309"]

1.d4 Nf6 2.c4 e6 3.Nf3 b6 4.a3 Bb7 5.Nc3 Be7 6.Bg5 O-O 7.e3 d6 8.Bd3 c5 9.O-O Nbd7
10.Qe2 a6 11.Rac1 Rc8 12.Rfd1 Rc7 13.d5 Nxd5 14.cxd5 Bxg5 15.Bxa6 e5 16.Bxb7 Rxb7
17.Nb5 Be7 18.Nd2 f5 19.Nc4 Rf6 20.b4 Bf8 21.e4 fxe4 22.Qxe4 Rf4 23.Qe2 Nf6
24.g3 Re4 25.Qd3 Rg4 26.bxc5 bxc5 27.a4 Rf7 28.a5 Qd7 29.Ne3 Rb4 30.Na3 Ne4
31.Rc2 Ng5 32.Nac4 Qh3 33.Nf1 Nf3+ 34.Kh1 Rf6 35.Ra2 Ra4 36.Rxa4 Nxh2 37.Kg1 Nf3+
38.Qxf3 Rxf3 39.a6 Qd7 40.Nb6 Qa7 41.Rb1 c4 42.Ne3 c3 43.Nbc4 Rf7 44.Rc1 Qd4
45.Ra3 Ra7 46.Rcxc3 Rxa6 47.Rxa6 Qxc3 48.Nxd6 Bxd6 49.Rxd6 g6 50.Rc6 Qa1+
51.Kg2 Qd4 52.Rc1 Kf7 53.Rc7+ Kg8 54.Rc4 Qb6 55.Kg1 Kg7 56.Rc6 Qb1+ 57.Kh2 Qb2
58.Kg2 Qd4 59.Rc7+ Kg8 60.Rc1 Kf7 61.Rd1 Qe4+ 62.Kg1 Ke7 63.d6+ Kd7 64.Rd2 Qb4
65.Rd1 Qa4  1/2-1/2

[Event "TCh-BEL 2002-3"]
[Site "Belgium BEL"]
[Date "2002.11.24"]
[Round "3"]
[White "Goormachtigh,J"]
[Black "Jens,J"]
[Result "0-1"]
[WhiteElo "2303"]
[BlackElo "2360"]

1.d4 Nf6 2.c4 e6 3.Nf3 b6 4.a3 Ba6 5.Qc2 Bb7 6.Nc3 c5 7.e4 cxd4 8.Nxd4 Bc5
9.Nb3 Nc6 10.Bg5 h6 11.Bh4 Nd4 12.Nxd4 Bxd4 13.Bd3 Qb8 14.Bg3 Be5 15.O-O-O O-O
16.Bxe5 Qxe5 17.g3 Rac8 18.f4 Qa5 19.Rhf1 d5 20.cxd5 exd5 21.e5 d4 22.exf6 dxc3
23.Bh7+ Kh8 24.fxg7+ Kxg7 25.b3 Rfd8 26.Bd3 Qxa3+ 27.Kb1 Bd5 28.Bc4 Be4  0-1

[Event "15th Obrenovac Open"]
[Site "Belgrade YUG"]
[Date "2002.11.25"]
[Round "8"]
[White "Timoscenko,G"]
[Black "Savic,Miod1"]
[Result "0-1"]
[WhiteElo "2509"]
[BlackElo "2519"]

1.d4 Nf6 2.c4 e6 3.Nf3 b6 4.a3 Bb7 5.Nc3 d5 6.Qc2 Be7 7.cxd5 exd5 8.Bf4 a6
9.e3 Nbd7 10.h3 c5 11.Be2 O-O 12.dxc5 bxc5 13.O-O Qb6 14.Rad1 Rfd8 15.Rd2 Rac8
16.Qb1 Nf8 17.Rfd1 h6 18.Be5 N8d7 19.Bg3 Qe6 20.Qa2 Qb6 21.Ne5 Qe6 22.Nxd7 Rxd7
23.Bf3 Rcd8 24.Qb3 d4 25.Qxe6 fxe6 26.exd4 cxd4 27.Bxb7 Rxb7 28.Be5 d3 29.Na4 Rd5
30.Bxf6 Bxf6 31.Rxd3 Rxd3 32.Rxd3 Bxb2 33.Nxb2 Rxb2 34.Rd6 a5 35.Rxe6 Rb1+
36.Kh2 Rb3 37.Re3 a4 38.h4 Kf7 39.g4 Kg6 40.h5+ Kf6 41.Kg3 g6 42.hxg6 Kxg6
43.Kf4 Kf6 44.f3 Kg6 45.Ke4 Rb1 46.Rc3 Re1+ 47.Kf4 Ra1 48.Rd3 Kf6 49.Ke4 Re1+
50.Kf4 Ra1 51.Kg3 Kg6 52.f4 Rb1 53.Kf3 Rf1+ 54.Ke3 Re1+ 55.Kf2 Ra1 56.Kg3 Rg1+
57.Kh4 Rh1+ 58.Rh3 Rb1 59.f5+ Kf6 60.Rc3 Rh1+ 61.Kg3 Rg1+ 62.Kf4 Rf1+ 63.Ke4 Kg5
64.Rc6 Re1+ 65.Kd5 Kxg4 66.f6 Kg5 67.f7 Rf1 68.Rc7 h5 69.Ke6 Kg6 70.Ra7 Rf6+
71.Ke5 Rxf7 72.Rxa4 Kg5 73.Ra8 Rf5+ 74.Kd4 h4 75.Rg8+ Kf4 76.a4 Ra5 77.Rf8+ Kg3
78.Rg8+ Kf3 79.Rf8+ Ke2 80.Re8+ Kf2  0-1

[Event "ch-GRE"]
[Site "Athens GRE"]
[Date "2002.11.28"]
[Round "1"]
[White "Banikas,H"]
[Black "Mastrovasilis,A"]
[Result "1/2-1/2"]
[WhiteElo "2520"]
[BlackElo "2452"]

1.d4 Nf6 2.c4 e6 3.Nf3 b6 4.a3 c5 5.d5 Ba6 6.Qc2 exd5 7.cxd5 g6 8.g3 Bg7
9.Nc3 O-O 10.Bg2 d6 11.O-O Nbd7 12.h3 Nh5 13.Bg5 Bf6 14.Bh6 Bg7 15.Bg5 Bf6
16.Bd2 Ne5 17.Rfe1 Bg7 18.g4 Nxf3+ 19.exf3 Nf6 20.f4 Qd7 21.Re3 Rae8 22.Rae1 Rxe3
23.fxe3 Qc8 24.g5 Ne8 25.Ne4 Bb7 26.Ng3 f5 27.Bc3 Qd7 28.Qd2 Qf7 29.e4 fxe4
30.Nxe4 Bc8 31.h4 Bf5 32.Ng3 Bd7 33.Rf1 Bg4 34.h5 gxh5 35.f5 Bxc3 36.bxc3 h4
37.Qf4 hxg3 38.Qxg4 Kh8 39.Qxg3 Rg8 40.c4 Qg7 41.Qf4 Nf6 42.g6 Qe7 43.Qh4 Qg7
44.Re1 Rf8 45.Re3 Ng8 46.Bh3 h6 47.Kh2 Qb2+ 48.Kg3 Qc1 49.Qf4 Qg1+ 50.Kh4 Kg7
51.Re6 Rf6 52.Re4 Qh1 53.Re8 Qg1 54.Qd2 Rf8 55.Re6 Nf6 56.Re7+ Kg8 57.Re1 Qd4+
58.Qxd4 cxd4 59.Rd1 Re8 60.Rxd4 Re4+ 61.Rxe4 Nxe4 62.Bg2 Nf6 63.Bf1 Kg7 64.Bd3 Nd7
65.Kh5 Nf6+ 66.Kh4 Nd7 67.Bc2 Nc5 68.Kg4 Nd7 69.Ba4 Nc5 70.Bc2  1/2-1/2

[Event "ch-CRO w"]
[Site "Zagreb CRO"]
[Date "2002.11.28"]
[Round "5"]
[White "Trtanj,T"]
[Black "Medic,Mir"]
[Result "1-0"]
[WhiteElo "2165"]
[BlackElo "2288"]

1.d4 Nf6 2.c4 e6 3.Nf3 b6 4.a3 Bb7 5.Nc3 d5 6.cxd5 exd5 7.Bf4 c6 8.e3 Be7
9.Ne5 O-O 10.Bd3 c5 11.Qf3 Nc6 12.O-O cxd4 13.Nxc6 Bxc6 14.exd4 Qd7 15.Rfe1 Rfe8
16.h3 g6 17.g4 Bd6 18.Bg5 Ne4 19.Bxe4 dxe4 20.Nxe4 Rxe4 21.Rxe4 Bxe4 22.Qxe4 Re8
23.Qf3 Bc7 24.Bf6 h6 25.Rc1 Bd6 26.b4 Kh7 27.Rc3 Re1+ 28.Kg2 Qb5 29.Rd3 Kg8
30.d5 Be5 31.Bxe5 Rxe5 32.d6 Qd7 33.a4 h5 34.b5 hxg4 35.hxg4 Kg7 36.Rd4 Re8
37.Qc3 Kg8 38.Qc7 Rd8 39.Qxd7 Rxd7 40.Kf3 Kf8 41.Kf4 f6 42.Ke4 Kf7 43.Kd5  1-0

[Event "Baharov Mem"]
[Site "Borovec BUL"]
[Date "2002.12.02"]
[Round "2"]
[White "Inkiov,V"]
[Black "Iotov,V"]
[Result "1/2-1/2"]
[WhiteElo "2424"]
[BlackElo "2256"]

1.d4 Nf6 2.c4 e6 3.Nf3 b6 4.a3 Ba6 5.Qc2 Bb7 6.Nc3 c5 7.dxc5 Bxc5 8.e3 Be7
9.Be2 O-O 10.O-O d6 11.b4 Nbd7 12.Bb2 a6 13.Rac1 Qc7 14.Nd2 Rac8 15.Qb1 Qb8
16.Nce4 Nxe4 17.Nxe4 Qa8 18.Bf3 b5 19.cxb5 axb5 20.Nd2 Bxf3 21.Nxf3 e5 22.Qd3 Qa6
23.Nd2 Nb6 24.f4 f6 25.Kh1 Kh8 26.e4 exf4 27.Qh3 Qb7 28.Qe6 Qd7 29.Qb3 Rxc1
30.Bxc1 d5 31.Rxf4 Rc8 32.Rf1 d4 33.Nf3 d3 34.Rd1 Na4 35.Be3 Rc3 36.Qf7 Nb2
37.Rf1 Rc8 38.Nd4 Rf8 39.Qb3 Nc4 40.Qxd3 Rd8 41.Bg1 Bd6 42.Nf3 Ra8 43.Qd5 Qe8
44.Nd4 Be5 45.Qxb5 Qxb5 46.Nxb5 Nxa3 47.Nxa3 Rxa3 48.b5 Rb3 49.b6 Kg8 50.Rd1 Kf8
51.g3 Ke7 52.Kg2 h5 53.Rd2 g5 54.Bf2 Ke6 55.Ra2 Kd7 56.h3 Kc6 57.g4 h4 58.Re2 Rd3
59.Re1 Rd2 60.Kf3 Rxf2+ 61.Kxf2 Bg3+ 62.Ke2 Bxe1 63.Kxe1  1/2-1/2

[Event "Baharov Mem"]
[Site "Borovec BUL"]
[Date "2002.12.05"]
[Round "7"]
[White "Dimitrov,V"]
[Black "Dragiev,V"]
[Result "1-0"]
[WhiteElo "2438"]
[BlackElo "2455"]

1.d4 Nf6 2.c4 e6 3.Nf3 b6 4.a3 Bb7 5.Nc3 c5 6.d5 exd5 7.cxd5 d6 8.e4 Nbd7
9.Bd3 a6 10.a4 g6 11.O-O Bg7 12.Bf4 Qe7 13.h3 O-O 14.Re1 Nh5 15.Bg5 Bf6 16.Be3 Ne5
17.Be2 Nxf3+ 18.Bxf3 Ng7 19.Qb3 Qc7 20.g4 Rab8 21.Bg2 Bc8 22.f4 h5 23.g5 Be7
24.Qc4 Kh7 25.b4 f6 26.a5 b5 27.Qb3 fxg5 28.fxg5 cxb4 29.Na2 Qc4 30.Qb2 b3
31.Rec1 Qa4 32.Nc3 Qb4 33.Ne2 Bxh3 34.Bd2 Bxg2 35.Bxb4 Bxe4 36.Rc7  1-0

[Event "Friendship B"]
[Site "Roznov CZE"]
[Date "2002.12.09"]
[Round "4"]
[White "Alfred,N"]
[Black "Jurek,J"]
[Result "1/2-1/2"]
[WhiteElo "2251"]
[BlackElo "2350"]

1.d4 Nf6 2.Nf3 e6 3.c4 b6 4.a3 Bb7 5.Nc3 d5 6.cxd5 exd5 7.Bg5 Be7 8.e3 O-O
9.Be2 Nbd7 10.O-O h6 11.Bf4 Ne4 12.Rc1 c5 13.dxc5 Nxc3 14.Rxc3 bxc5 15.Ne5 Nb6
16.Qd3 d4 17.exd4 Nd5 18.Qf5 Nxc3 19.bxc3 Qc8 20.Qh5 Be4 21.Re1 Qf5 22.Qxf5 Bxf5
23.Bf3 cxd4 24.Bxa8 Rxa8 25.cxd4 Bxa3 26.Nc6 Be6 27.Ra1 Bd5 28.Nb8 Bb4 29.Na6 Bc3
30.Rd1 Rd8 31.Nc7 a5 32.Rd3 Bb4 33.Nxd5 Rxd5 34.Bd2 Bxd2 35.Rxd2 a4 36.Kf1 a3
37.Ra2 Ra5 38.Ke2 Kf8 39.Kd3 Ke7 40.Kc4 Kd6 41.Kb4 Ra7 42.Rxa3 Rxa3 43.Kxa3 Kd5
44.Kb3 Kxd4 45.Kc2 g5 46.Kd2 g4 47.Ke2 Ke4 48.Kd2 f5 49.Ke2 h5 50.Kd2 f4
51.Ke2 h4 52.g3 f3+ 53.Ke1 hxg3 54.hxg3 Ke5 55.Kd1 Kd5 56.Kc1 Kc5 57.Kd1 Kb5
58.Kc1 Ka5 59.Kb1 Kb5 60.Kc1 Kc5 61.Kd1 Kd5 62.Kc1 Ke5 63.Kd1 Ke4 64.Kc2 Kd4
65.Kd2 Kc4  1/2-1/2

[Event "ch-Balkan"]
[Site "Istanbul TUR"]
[Date "2002.12.11"]
[Round "2"]
[White "Arduman,C"]
[Black "Ipek,A"]
[Result "1/2-1/2"]
[WhiteElo "2369"]
[BlackElo "2249"]

1.d4 Nf6 2.Nf3 e6 3.c4 b6 4.a3 Ba6 5.Qc2 d5 6.cxd5 exd5 7.g3 Bd6 8.Nc3 O-O
9.Bg2 Nbd7 10.O-O Re8 11.Nh4 c6 12.Nf5 Bf8 13.Re1 Bb7 14.Bf4 a5 15.a4 Nb8
16.e4 dxe4 17.Nxe4 Nxe4 18.Rxe4 Na6 19.Rae1 Nb4 20.Rxe8 Nxc2 21.Rxd8 Rxd8
22.Rc1 Bc8 23.Nh6+ gxh6 24.Rxc2 Rxd4 25.Bxc6 Bh3 26.Rc1 Rb4 27.Be5 Bg7 28.Bxg7 Kxg7
29.Rc2 Be6 30.Bb5 Bb3 31.Rc6 Bd5 32.Rd6 Bf3 33.Rd2 Re4 34.Kf1 Rb4 35.Rd3 Be4
36.Rd2 Bf3  1/2-1/2

[Event "Friendship B"]
[Site "Roznov CZE"]
[Date "2002.12.12"]
[Round "7"]
[White "Alfred,N"]
[Black "Hitzgerova,G"]
[Result "1-0"]
[WhiteElo "2251"]
[BlackElo "2225"]

1.d4 Nf6 2.Nf3 e6 3.c4 b6 4.a3 Bb7 5.Nc3 d5 6.cxd5 exd5 7.Bg5 Be7 8.e3 O-O
9.Bd3 Nbd7 10.Qc2 h6 11.Bf4 c5 12.O-O a6 13.Rfd1 c4 14.Bf5 b5 15.Ne5 Re8
16.f3 Nf8 17.g4 g5 18.Bg3 Qb6 19.h4 Kg7 20.hxg5 hxg5 21.Kg2 a5 22.Rh1 b4
23.Ne2 bxa3 24.bxa3 Qb3 25.Qd2 Bc8 26.Rhb1 Qa4 27.Nc3  1-0

[Event "ch-Balkan"]
[Site "Istanbul TUR"]
[Date "2002.12.13"]
[Round "5"]
[White "Demirel,T"]
[Black "Ipek,A"]
[Result "1-0"]
[WhiteElo "2202"]
[BlackElo "2249"]

1.d4 Nf6 2.c4 e6 3.Nf3 b6 4.a3 Ba6 5.Qc2 d5 6.cxd5 exd5 7.Nc3 Be7 8.g3 O-O
9.Bh3 c5 10.O-O Nc6 11.Be3 Bc8 12.Bg2 Be6 13.Rfd1 h6 14.Ne5 Nxd4 15.Bxd4 cxd4
16.Nc6 Qd7 17.Nxe7+ Qxe7 18.Rxd4 Rac8 19.Qd2 Rc4 20.Rd1 Rxd4 21.Qxd4 Rc8
22.h3 Rc5 23.Kh2 Qc7 24.e3 Rc4 25.Qd3 Rc5 26.Qe2 Qc8 27.Rd4 Rc4 28.Rxc4 dxc4
29.f4 Qc5 30.Qd2 b5 31.e4 a5 32.Qd8+ Kh7 33.Qxa5 Qf2 34.Qxb5 g6 35.e5 Nh5
36.Ne4 Qe2 37.Nf6+ Kg7 38.Nxh5+ Qxh5 39.g4 Qh4 40.Qc5 Qe1 41.Qd4 Kh7 42.Qe4 Qf2
43.f5 gxf5 44.gxf5 Bxf5 45.Qxc4 Bg6 46.Qc3 h5 47.b4 h4 48.Qf3 Qb2 49.Qe3 Kg7
50.e6 fxe6 51.Qxe6 Qd4 52.Qe7+ Kh6 53.Qf8+ Kg5 54.Qc5+ Qxc5 55.bxc5 Kf6 56.a4 Ke7
57.Kg1 Kd8 58.Kf2 Kc7 59.Ke3 Bc2 60.a5 Kb8 61.Kf4 Ka7 62.c6 Ba4 63.Kg4 Ka6
64.Kxh4 Kxa5 65.Kg5  1-0

[Event "Christmas Open"]
[Site "Zadar CRO"]
[Date "2002.12.15"]
[Round "2"]
[White "Bilobrk,F"]
[Black "Zezelj,V"]
[Result "1-0"]
[WhiteElo "2348"]
[BlackElo "2158"]

1.d4 Nf6 2.Nf3 e6 3.c4 b6 4.a3 Bb7 5.Nc3 Be7 6.d5 O-O 7.e4 d6 8.Be2 e5 9.O-O a5
10.Rb1 Bc8 11.b4 axb4 12.axb4 Ne8 13.Ne1 f5 14.Nd3 Nf6 15.f3 f4 16.c5 bxc5
17.bxc5 Nbd7 18.c6 Nb6 19.Qb3 Kh8 20.Nb5 Rb8 21.Bd2 Ba6 22.Nb4 Bxb5 23.Bxb5 Nbd7
24.Qc4 Nc5 25.Na6 Nxa6 26.Bxa6 g5 27.Rb7 Rxb7 28.cxb7 Nd7 29.Bb5 Nc5 30.Bc6 Qb8
31.Qa2 Kg7 32.Ra1 Kf6 33.Qa8 h5 34.Qxb8 Rxb8 35.Ra7 g4 36.Ba5 Bd8 37.Ra8 Rxb7
38.Bxb7 Nxb7 39.Be1 Be7 40.Ra7 Nc5 41.Rxc7 g3 42.hxg3 Bd8 43.Rc6 Nd3 44.Rxd6+ Ke7
45.Re6+ Kf7 46.Bf2 Bf6 47.gxf4 Nxf4 48.Rc6 Ng6 49.g3 h4 50.gxh4  1-0

[Event "11th Donau Open"]
[Site "Aschach AUT"]
[Date "2002.12.26"]
[Round "1"]
[White "Knoll,H"]
[Black "Cifka,S"]
[Result "1-0"]
[WhiteElo "2365"]
[BlackElo "2114"]

1.d4 e6 2.Nf3 Nf6 3.c4 b6 4.a3 Bb7 5.Nc3 Be7 6.d5 d6 7.e4 O-O 8.Bd3 Nbd7
9.O-O Ne5 10.Nd4 c5 11.Nde2 Nxd3 12.Qxd3 e5 13.Ng3 Bc8 14.f4 exf4 15.Bxf4 Ng4
16.h3 Ne5 17.Bxe5 dxe5 18.Nf5 Bd6 19.a4 g6 20.Nxd6 Qxd6 21.Nb5 Qd7 22.Rf6 Qe7
23.Rf2 Bb7 24.a5 a6 25.Nc3 bxa5 26.Rxa5 Qc7 27.Ra1 Rad8 28.Qe3 Kg7 29.Na4 Rc8
30.Raf1 f6 31.b3 Qe7 32.Nb2 Rc7 33.Nd3 Rfc8 34.Rxf6 Qxf6 35.Rxf6 Kxf6 36.Qf2+ Kg7
37.Nxe5 Re7 38.Qb2 Kg8 39.Ng4 h5 40.Nf6+ Kf8 41.e5 Rd8 42.e6 Bc8 43.Qe5 a5
44.Ne4  1-0

[Event "Open A"]
[Site "Bethune FRA"]
[Date "2002.12.30"]
[Round "7"]
[White "Lazarev,V"]
[Black "Hareux,H"]
[Result "1-0"]
[WhiteElo "2477"]
[BlackElo "2241"]

1.d4 e6 2.c4 Nf6 3.Nf3 b6 4.a3 Bb7 5.Nc3 d5 6.Bg5 Be7 7.Bxf6 Bxf6 8.cxd5 exd5
9.Qb3 O-O 10.Rd1 Re8 11.g3 c6 12.Bg2 Na6 13.O-O Nc7 14.Rfe1 Qd7 15.e4 Rad8
16.h4 g6 17.Kh2 Bg7 18.exd5 cxd5 19.Ne5 Qd6 20.f4 Re7 21.Rc1 h6 22.Qd1 g5
23.Qh5 gxf4 24.gxf4 Ne6 25.Ne2 Rde8 26.Bh3 Nxd4 27.Nxd4 Bxe5 28.Qg4+ Kh8
29.fxe5 Rxe5 30.Qg3 Qf6 31.Rxe5 Rxe5 32.Rf1  1-0

[Event "38th Junior"]
[Site "Hallsberg SWE"]
[Date "2003.01.02"]
[Round "6"]
[White "Eriksson,Jon SWE"]
[Black "Hovmoller,K"]
[Result "1/2-1/2"]
[WhiteElo "2278"]
[BlackElo "2287"]

1.Nf3 Nf6 2.c4 e6 3.d4 b6 4.a3 Bb7 5.Nc3 d5 6.Bg5 Be7 7.Qa4+ c6 8.Bxf6 Bxf6
9.cxd5 exd5 10.g3 O-O 11.Bh3 c5 12.Rd1 Bc6 13.Qc2 c4 14.O-O b5 15.e4 dxe4
16.Nxe4 Bd5 17.Ne5 Qb6 18.Bg2 Rd8 19.Nxf6+ Qxf6 20.Bxd5 Rxd5 21.Qe4 Qe6 22.Rfe1 f6
23.Qf3 fxe5 24.Rxe5 Rxe5 25.dxe5 Nc6 26.Rd6 Qxe5 27.Qxc6 Rf8 28.Qd5+ Qxd5
29.Rxd5  1/2-1/2

[Event "5th It"]
[Site "Ramat-Aviv ISR"]
[Date "2003.01.05"]
[Round "10"]
[White "Porat,D"]
[Black "Botvinnik,Il"]
[Result "1/2-1/2"]
[WhiteElo "2195"]
[BlackElo "2431"]

1.d4 Nf6 2.c4 e6 3.Nf3 b6 4.a3 Bb7 5.Nc3 d5 6.Qc2 dxc4 7.e4 c5 8.d5 exd5
9.exd5 Bd6 10.Bxc4 O-O 11.O-O h6 12.Re1 a6 13.a4 Nbd7 14.b3 Re8 15.Rxe8+ Qxe8
16.Bb2 Qf8 17.Re1 Re8 18.Ne4 Nxe4 19.Rxe4 Rxe4 20.Qxe4 Qe7 21.Qd3 a5 22.Qf5 Nf8
23.h3 Qd7 24.Qc2 Ng6 25.Qe4 Qd8 26.Qf5 Qc8 27.Qe4 Qd8  1/2-1/2

[Event "ch-Donetsk Region"]
[Site "Donetsk UKR"]
[Date "2003.01.09"]
[Round "2"]
[White "Dmitrenko,V"]
[Black "Andreev,Ed"]
[Result "1-0"]
[WhiteElo "2424"]
[BlackElo "2471"]

1.d4 e6 2.c4 Nf6 3.Nf3 b6 4.a3 Ba6 5.Qc2 Bb7 6.Nc3 c5 7.d5 exd5 8.cxd5 Nxd5
9.Bg5 f6 10.Nxd5 Bxd5 11.Bf4 Nc6 12.e3 Qe7 13.O-O-O Be4 14.Qa4 Na5 15.Rxd7 Nb3+
16.Qxb3 Qxd7 17.Bb5 Bc6 18.Rd1 Qc8 19.Qa4 Bxb5 20.Qxb5+ Ke7 21.Rd6 a6 22.Qd3 Ra7
23.Rxb6 Qd7 24.Bd6+ Ke8 25.Qe4+ Kf7 26.Qd5+ Qe6 27.Qxe6+ Kxe6 28.Bb8+  1-0

[Event "Inv. Tens"]
[Site "Wijk aan Zee NED"]
[Date "2003.01.25"]
[Round "8"]
[White "Strating,S"]
[Black "Lobron,E"]
[Result "0-1"]
[WhiteElo "2325"]
[BlackElo "2506"]

1.d4 Nf6 2.c4 e6 3.Nf3 b6 4.a3 Ba6 5.e3 d5 6.Nbd2 Be7 7.cxd5 Bxf1 8.Nxf1 exd5
9.Ng3 O-O 10.O-O Re8 11.Qc2 a5 12.Bd2 a4 13.Rac1 Ra7 14.Rfd1 g6 15.Ne5 Bd6
16.f4 c5 17.Bc3 c4 18.e4 b5 19.h3 dxe4 20.Re1 Bf8 21.Nxe4 Nd5 22.g3 Rae7
23.Nf2 f6 24.Neg4 Rxe1+ 25.Rxe1 Rxe1+ 26.Bxe1 Nc6 27.Nd1 Kf7 28.Bf2 h5 29.Nh2 Qd7
30.Nc3 Nxc3 31.Qxc3 Qxh3 32.Qf3 Ne7 33.Qb7 Qf5 34.Nf1 Qd5 35.Qb8 Nf5 36.Ne3 Nxe3
37.Bxe3 Be7 38.Qc7 Ke6 39.Qc8+ Kf7 40.Qc7 Qe4 41.Bf2 Qb1+ 42.Kg2 Qxb2 43.Qc6 Qxa3
44.Qxb5 Qb4 45.Qd5+ Kf8 46.f5 g5 47.Qa8+ Kf7 48.Qh8 Qb7+ 49.Kh2 Qd5 50.Qxh5+ Kf8
51.Qh7 Qg8 52.Qh6+ Qg7 53.Qh5 a3 54.d5 c3 55.Qg4 c2 56.Be3 Qf7 57.Qc4 Qh5+
58.Kg2 a2 59.g4 Qh4 60.d6 Bxd6 61.Bf2 Qh1+ 62.Kxh1 a1=Q+  0-1

[Event "Kaissa Open"]
[Site "Kharkov UKR"]
[Date "2003.01.28"]
[Round "7"]
[White "Rybakov,S UKR"]
[Black "Khodotov,J"]
[Result "0-1"]
[WhiteElo "2141"]
[BlackElo "2361"]

1.d4 Nf6 2.c4 e6 3.Nf3 b6 4.a3 d5 5.cxd5 exd5 6.Nc3 Be7 7.g3 O-O 8.Bg2 Bb7
9.O-O Nbd7 10.Nh4 Ne4 11.Nf5 Bf6 12.f3 Nxc3 13.bxc3 g6 14.Nh6+ Kh8 15.e4 Bg7
16.e5 Qe7 17.Re1 Rfe8 18.Bh3 f5 19.Bg5 Qe6 20.Qd3 Rf8 21.g4 Rae8 22.Kh1 f4
23.Qd2 Qc6 24.Bxf4 Bxh6 25.Bxh6 Rxf3 26.Re3 Rxe3 27.Qxe3 Ba6 28.Qf3 Qe6 29.g5 Qe7
30.Re1 Nf8 31.e6 c5 32.Kg1 Kg8 33.Qxd5 cxd4 34.cxd4 Rd8 35.Qe5 Bc4 36.Qf6 Re8  0-1

[Event "National I"]
[Site "Sautron FRA"]
[Date "2003.02.01"]
[Round "2"]
[White "Gurevich,M"]
[Black "Istratescu,A"]
[Result "1-0"]
[WhiteElo "2634"]
[BlackElo "2593"]

1.d4 Nf6 2.c4 e6 3.Nf3 b6 4.a3 c5 5.d5 Ba6 6.Qc2 exd5 7.cxd5 g6 8.Nc3 Bg7
9.Bf4 d6 10.Qa4+ Qd7 11.Bxd6 Qxa4 12.Nxa4 Nxd5 13.e4 Bxf1 14.Rxf1 Ne7 15.O-O-O Nbc6
16.Nc3 Bxc3 17.bxc3 f6 18.g4 Rd8 19.Kc2 Kf7 20.g5 f5 21.Bxe7 Rxd1 22.Rxd1 Kxe7
23.exf5 gxf5 24.Nh4 f4 25.Re1+ Kd7 26.Re4 Rg8 27.Nf3 Rf8 28.h4 Kd6 29.c4 a6
30.a4 Nb4+ 31.Kc3 b5 32.axb5 axb5 33.cxb5 Nd5+ 34.Kc2 Ra8 35.Ne5 Ra2+ 36.Kb3 Rxf2
37.Nc4+ Kd7 38.Re5 Rf3+ 39.Ka4 Rd3 40.b6 f3 41.Kb5 Rb3+ 42.Kxc5 Ne7 43.Re1 Nf5
44.Re4 Ng7 45.Ne5+ Kc8 46.Ng4 Kd7 47.Nf6+ Kc8 48.Kc6 Rc3+ 49.Kd5 Nf5 50.Rf4 Ne7+
51.Kd4 Ng6 52.Rf5 Rb3 53.Nd5 Nxh4 54.Rf8+ Kd7 55.Kc4 Rb1 56.Nb4 Rc1+ 57.Kb5 Rc8
58.Rxc8 Kxc8 59.Kc6  1-0

[Event "11th Aosta Open"]
[Site "Saint Vincent ITA"]
[Date "2003.02.13"]
[Round "6"]
[White "Nisipeanu,LD"]
[Black "Tiviakov,S"]
[Result "1-0"]
[WhiteElo "2592"]
[BlackElo "2635"]

1.Nf3 Nf6 2.d4 e6 3.c4 b6 4.a3 Bb7 5.Nc3 d5 6.cxd5 Nxd5 7.Qc2 Nxc3 8.Qxc3 Nd7
9.Bg5 Be7 10.Bxe7 Kxe7 11.g3 Nf6 12.Bg2 Qd6 13.O-O Rhc8 14.Qe3 c5 15.Nh4 Qc7
16.Nf5+ Kd7 17.Bxb7 Qxb7 18.Nxg7 Qd5 19.dxc5 Qxc5 20.Qf4 Ke7 21.e4 Qc4 22.Rfe1 Ne8
23.Rac1 Qb5 24.Qh4+ Kf8 25.Nxe8 Rxe8 26.Qxh7 Qxb2 27.e5  1-0

[Event "11th Aosta Open"]
[Site "Saint Vincent ITA"]
[Date "2003.02.14"]
[Round "7"]
[White "Relange,E"]
[Black "Mantovani,R"]
[Result "1-0"]
[WhiteElo "2499"]
[BlackElo "2349"]

1.d4 Nf6 2.Nf3 e6 3.c4 b6 4.a3 c5 5.d5 exd5 6.cxd5 g6 7.Nc3 Bg7 8.e4 O-O
9.Bd3 d6 10.h3 Ba6 11.Bxa6 Nxa6 12.O-O Nc7 13.Bf4 Re8 14.Re1 b5 15.Qd3 a6
16.Rad1 a5 17.e5 dxe5 18.Rxe5 b4 19.Rxe8+ Nfxe8 20.Na4 Nd6 21.Ne5 bxa3 22.bxa3 Qh4
23.Qg3 Qxg3 24.Bxg3 Ncb5 25.Nxc5 Nf5 26.Bh2 Bf8 27.Ned7 Nxa3 28.Nxf8 Kxf8
29.d6 Nb5 30.d7 Ke7 31.Re1+ Kf8 32.Nb7  1-0

[Event "US Amateur Team East"]
[Site "Parsippany NJ USA"]
[Date "2003.02.17"]
[Round "5"]
[White "Frenklakh,V"]
[Black "Schmaltz,R"]
[Result "0-1"]
[WhiteElo "2280"]
[BlackElo "2529"]

1.d4 Nf6 2.c4 e6 3.Nf3 b6 4.a3 Bb7 5.Nc3 d5 6.cxd5 Nxd5 7.Qc2 Nxc3 8.bxc3 Be7
9.e4 O-O 10.Bd3 c5 11.O-O Nd7 12.d5 exd5 13.exd5 h6 14.c4 Bf6 15.Bb2 Re8
16.a4 a5 17.Rab1 Ba6 18.Rfe1 Qc7 19.g3 Bxb2 20.Qxb2 Qd6 21.Kg2 Rad8 22.Qc3 g6
23.h4 Nf6 24.Bc2 Rxe1 25.Rxe1 Re8 26.Rxe8+ Nxe8 27.h5 g5 28.Nd2 Qf6 29.Qd3 Kf8
30.Ne4 Qd4 31.Qxd4 cxd4 32.Bb3 f5 33.Nd2 Nd6 34.Kf3 Ke7 35.g4 fxg4+ 36.Kxg4 Bc8+
37.Kg3 Bf5 38.Nf3 Ne4+ 39.Kg2 d3 40.Nd4 Bd7 41.Kf3 Nd2+ 42.Ke3 Nxb3 43.Nxb3 Bxa4
44.Nd4 Kf6 45.Kxd3 Be8 46.Ke4 Bxh5 47.d6 Be8  0-1

[Event "ch-RUS w 1st League"]
[Site "Serpukhov RUS"]
[Date "2003.02.21"]
[Round "2"]
[White "Kazarina,Y"]
[Black "Pakhomova,E"]
[Result "1-0"]
[WhiteElo "2183"]
[BlackElo "2067"]

1.d4 Nf6 2.Nf3 e6 3.c4 b6 4.a3 Ba6 5.Qc2 c5 6.Bg5 h6 7.Bh4 Bb7 8.Nc3 Be7
9.e4 cxd4 10.Nxd4 d6 11.Rd1 Nbd7 12.Ndb5 Qb8 13.Bg3 Ne5 14.f4 Neg4 15.Qd3 a6
16.Nd4 Nd7 17.Be2 Nc5 18.Qb1 Ne3 19.Rd2 Nxg2+ 20.Kf1 Nh4 21.b4 Nd7 22.Rg1 g5
23.Bxh4 gxh4 24.Bd3 Bf6 25.Be2 Ke7 26.Qd3 Qc7 27.Bg4 Rac8 28.Ke1 Rhg8 29.Rgg2 h5
30.Bh3 Rgd8 31.Rge2 Bxd4 32.Qxd4 Nf6 33.Nd5+ Nxd5 34.exd5 Qxc4 35.Rxe6+ fxe6
36.Qg7+ Ke8 37.Qg8+ Ke7 38.Qxe6+ Kf8 39.Qf6+ Ke8 40.Re2+ Qxe2+ 41.Kxe2 Rc4
42.Qe6+ Kf8 43.Qf6+ Ke8 44.Be6 Rc2+ 45.Kd3 Rc7 46.Qh8+  1-0

[Event "Open"]
[Site "Cappelle la Grande FRA"]
[Date "2003.02.27"]
[Round "7"]
[White "Dziuba,M"]
[Black "Romanova,I"]
[Result "1/2-1/2"]
[WhiteElo "2448"]
[BlackElo "2251"]

1.d4 e6 2.c4 Nf6 3.Nf3 b6 4.a3 Bb7 5.Nc3 d5 6.Bg5 Be7 7.e3 O-O 8.Qc2 Nbd7
9.Rd1 h6 10.Bh4 Rc8 11.cxd5 Nxd5 12.Bxe7 Qxe7 13.Nxd5 exd5 14.Be2 c5 15.dxc5 bxc5
16.O-O Rfd8 17.Rfe1 Qf6 18.Qa4 Bc6 19.Qc2 Rb8 20.Rb1 a5 21.b3 Rb6 22.h3 Rdb8
23.Nd2 a4 24.bxa4 Rb2 25.Rxb2 Rxb2 26.Qc1 Bxa4 27.Nf3 Qb6 28.Bd1 Bxd1 29.Qxd1 Nf6
30.Qa4 c4 31.Nd4 Ra2 32.Qa8+ Kh7 33.Qf8 Ne4 34.Qxf7 Rxf2 35.Qxd5 Qg6 36.Qxe4 Qxe4
37.Kxf2 Qd3 38.Rc1 c3 39.Rc2 h5 40.Re2 Qa6 41.Nc2 Qe6 42.e4 Qb6+ 43.Kf3 Qf6+
44.Ke3 Qe5 45.Nd4 Qg3+ 46.Nf3 Qd6 47.a4 Qd1 48.Nd4 Qxa4 49.Kd3 Qd1+ 50.Kxc3 Qa1+
51.Kd3 Qa3+ 52.Kd2 Qb4+ 53.Kd3 Qa3+ 54.Kc4 Qa4+ 55.Kc5 Qa7+ 56.Kd5 Qd7+ 57.Ke5 Qc7+
58.Kd5  1/2-1/2

[Event "10th Metalis Open"]
[Site "Bizovac CRO"]
[Date "2003.02.28"]
[Round "5"]
[White "Loncar,R"]
[Black "Kutuzovic,B"]
[Result "1/2-1/2"]
[WhiteElo "2439"]
[BlackElo "2389"]

1.d4 Nf6 2.c4 e6 3.Nf3 b6 4.a3 Bb7 5.Nc3 Ne4 6.Nxe4 Bxe4 7.e3 d6 8.Bd3 Bxd3
9.Qxd3 Be7 10.e4 Nd7 11.b4 a5 12.Bb2 O-O 13.O-O Qc8 14.d5 e5 15.Bc3 axb4
16.axb4 Qb7 17.Qc2 Rxa1 18.Rxa1 Ra8 19.Ra4 Ra6 20.Qa2 Nb8 21.b5 Rxa4 22.Qxa4 Nd7
23.Bb4 Qc8 24.Qa6 Qd8 25.g3 g6 26.Qa2 Qf8 27.Qa7 Qd8 28.Qa2 Qf8  1/2-1/2

[Event "Open"]
[Site "Cappelle la Grande FRA"]
[Date "2003.02.28"]
[Round "8"]
[White "Eljanov,P"]
[Black "Ionov,S"]
[Result "1/2-1/2"]
[WhiteElo "2571"]
[BlackElo "2531"]

1.d4 Nf6 2.Nf3 e6 3.c4 b6 4.a3 Ba6 5.Qc2 Bb7 6.Nc3 c5 7.e4 cxd4 8.Nxd4 Bc5
9.Nb3 Nc6 10.Bg5 Nd4 11.Nxd4 Bxd4 12.Bd3 a6 13.h3 Qc7 14.Ne2 Bc5 15.O-O Rc8
16.Rac1 Be7 17.Bf4 d6 18.Ng3 O-O 19.b4 Qb8 20.Qe2 Qa8 21.Bg5 h6 22.Bd2 b5
23.cxb5 axb5 24.Bxb5 Qxa3 25.Ra1 Qb2 26.Bd3 d5 27.Rfb1 Qd4 28.Be3 Qc3 29.Bd2 Qd4
30.Be3 Qc3  1/2-1/2

[Event "Tch-SWE 2002-3"]
[Site "Sweden SWE"]
[Date "2003.03.01"]
[Round "8"]
[White "Eriksson,Mag1"]
[Black "Tikkanen,H"]
[Result "1-0"]
[WhiteElo "2322"]
[BlackElo "2306"]

1.d4 Nf6 2.c4 e6 3.Nf3 b6 4.a3 Ba6 5.Qc2 Bb7 6.Nc3 c5 7.e4 cxd4 8.Nxd4 Nc6
9.Nxc6 Bxc6 10.Bf4 d6 11.Rd1 Qc7 12.Nd5 Bxd5 13.exd5 e5 14.Be3 g6 15.b4 Nd7
16.Qa4 f5 17.f3 Kf7 18.g4 e4 19.f4 fxg4 20.Be2 Nf6 21.O-O Qc8 22.f5 gxf5
23.Rf2 Rg8 24.Rdf1 Be7 25.Rxf5 Rg6 26.Bd4 a5 27.Qc2 axb4 28.axb4 Ra3 29.Qxe4 Rh3
30.Bxg4 Rh4 31.h3 h5 32.Rxf6+ Bxf6 33.Rxf6+ Rxf6 34.Qh7+  1-0

[Event "10th Metalis Open"]
[Site "Bizovac CRO"]
[Date "2003.03.02"]
[Round "8"]
[White "Jovanic,O"]
[Black "Medic,Mir"]
[Result "1/2-1/2"]
[WhiteElo "2432"]
[BlackElo "2308"]

1.d4 e6 2.Nf3 Nf6 3.c4 b6 4.a3 Bb7 5.Nc3 Ne4 6.Nxe4 Bxe4 7.e3 d6 8.Bd3 Bb7
9.e4 c5 10.d5 e5 11.b4 Nd7 12.Qa4 cxb4 13.axb4 a5 14.Ba3 axb4 15.Qxb4 Be7
16.O-O O-O 17.Rfb1 Qc7 18.Bc1 Rxa1 19.Rxa1 Nc5 20.Bc2 Ra8 21.Rxa8+ Bxa8 22.Qa3 Qc8
23.Be3 h6 24.g3 Bb7 25.Qa7 Bd8 26.Bxc5 bxc5 27.Ba4 Qc7 28.Bc6 Bc8 29.Qxc7 Bxc7
30.Kf1 f5 31.Ke2 fxe4 32.Nd2 Bf5 33.Ke3 Ba5 34.Nxe4 Bxe4 35.Kxe4  1/2-1/2